[Event "Samara Polugaevsky Memorial 9th"]
[Site "Samara"]
[Date "2019.07.12"]
[Round "3"]
[White "Gorshkov, Yury S"]
[Black "Utegaliev, Azamat"]
[Result "0-1"]
[WhiteElo "2118"]
[BlackElo "2510"]
[PlyCount "74"]
[EventDate "2019.07.10"]
[EventType "swiss"]
[EventRounds "9"]
[EventCountry "RUS"]
[SourceTitle "EXT 2020"]
[Source "ChessBase"]
[SourceDate "2019.10.17"]
[SourceVersion "1"]
[SourceVersionDate "2019.10.17"]
[SourceQuality "1"]

1. Nf3 Nf6 2. c4 g6 3. b4 Bg7 4. Bb2 0-0 5. g3 b6 6. Bg2 Bb7 7. 0-0 d6 8. d3 Nbd7 9. Nc3 a6 10. a3 h6 11. Qb3 Qc8 12. e4 e6 13. Rad1 c5 14. Rfe1 Qc7 15. h3 Rab8 16. b5 a5 17. Nh2 Rbd8 18. f4 Rfe8 19. Nf3 Nf8 20. g4 N6h7 21. Ne2 Bxb2 22. Qxb2 d5 23. cxd5 exd5 24. e5 d4 25. Ng3 Ne6 26. Qd2 g5 27. fxg5 Bxf3 28. Bxf3 Nexg5 29. Bg2 Rxe5 30. Nf5 Rxf5 31. gxf5 Qg3 32. Kh1 Nf6 33. Bc6 Kh7 34. Qh2 Qh4 35. Bg2 Nh5 36. Qc7 Rg8 37. Re7 Qf2 0-1

[Event "Voronezh op-B 23rd"]
[Site "Voronezh"]
[Date "2019.06.20"]
[Round "9"]
[White "Gorshkov, Yury S"]
[Black "Vasiljev, Ilya"]
[Result "1-0"]
[WhiteElo "2103"]
[BlackElo "1762"]
[PlyCount "69"]
[EventDate "2019.06.12"]
[EventType "swiss"]
[EventRounds "9"]
[EventCountry "RUS"]
[SourceTitle "CBM 191 Extra"]
[Source "ChessBase"]
[SourceDate "2019.09.30"]
[SourceVersion "1"]
[SourceVersionDate "2019.09.30"]
[SourceQuality "1"]

1. g3 Nf6 2. Bg2 e6 3. Nf3 Be7 4. 0-0 0-0 5. c4 c5 6. b3 Nc6 7. Bb2 b6 8. d4 cxd4 9. Nxd4 Bb7 10. Nc3 a6 11. Qd2 Qc7 12. Nc2 Rfd8 13. e4 h5 14. h3 d6 15. Rac1 Ne5 16. f4 Ned7 17. Kh1 Rac8 18. Qe2 Qb8 19. f5 Ne5 20. fxe6 fxe6 21. Nd4 Re8 22. Nxe6 Bf8 23. Nxf8 Rxf8 24. Nd5 Bxd5 25. exd5 Rce8 26. Qd2 Qd8 27. Rce1 Nfd7 28. Bd4 a5 29. Rf4 Rxf4 30. gxf4 Ng6 31. Re6 Rxe6 32. dxe6 Ndf8 33. f5 Nh4 34. Bd5 Kh8 35. Qh6+ 1-0

[Event "Sochi ChessAmateur op10"]
[Site "Sochi"]
[Date "2018.10.15"]
[Round "5"]
[White "Pshmahov, Osman"]
[Black "Gorshkov, Yury S"]
[Result "1-0"]
[WhiteElo "2011"]
[BlackElo "2175"]
[PlyCount "49"]
[EventDate "2018.10.12"]
[EventType "swiss"]
[EventRounds "9"]
[EventCountry "RUS"]
[SourceTitle "CBM 187 Extra"]
[Source "ChessBase"]
[SourceDate "2018.11.04"]
[SourceVersion "1"]
[SourceVersionDate "2018.11.04"]
[SourceQuality "1"]

1. d4 e6 2. c4 b6 3. Nc3 Bb4 4. e4 Bb7 5. Bd3 f5 6. d5 fxe4 7. Bxe4 Nf6 8. Bg5 Bxc3+ 9. bxc3 0-0 10. Bc2 exd5 11. Ne2 dxc4 12. 0-0 Na6 13. Ng3 h6 14. h4 Nc5 15. Bxf6 Qxf6 16. Qg4 Qf4 17. Qg6 Nd3 18. Rad1 Rf6 19. Qh5 Nxf2 20. Nf5 Nh3+ 21. gxh3 Rxf5 22. Rxf4 Rxh5 23. Rxd7 Bd5 24. Bg6 Re5 25. Rxd5 1-0

[Event "Sochi ChessAmateur op10"]
[Site "Sochi"]
[Date "2018.10.14"]
[Round "4"]
[White "Gorshkov, Yury S"]
[Black "Mochalin, Faddey"]
[Result "0-1"]
[WhiteElo "2175"]
[BlackElo "2032"]
[PlyCount "56"]
[EventDate "2018.10.12"]
[EventType "swiss"]
[EventRounds "9"]
[EventCountry "RUS"]
[SourceTitle "CBM 187 Extra"]
[Source "ChessBase"]
[SourceDate "2018.11.04"]
[SourceVersion "1"]
[SourceVersionDate "2018.11.04"]
[SourceQuality "1"]

1. Nf3 d5 2. c4 c6 3. b3 Nf6 4. Bb2 Bg4 5. e3 Nbd7 6. h3 Bh5 7. d3 h6 8. Be2 e6 9. 0-0 Be7 10. Ne5 Bxe2 11. Qxe2 0-0 12. Nxd7 Nxd7 13. d4 f5 14. Ba3 Bxa3 15. Nxa3 Qc7 16. Nc2 Kh8 17. Ne1 Rg8 18. Nd3 g5 19. g3 Rg7 20. Kh2 Rag8 21. Rac1 Rh7 22. b4 h5 23. Rg1 Qd6 24. Kh1 dxc4 25. Nc5 b5 26. a4 Qd5+ 27. Kh2 Nf6 28. axb5 Ng4+ 0-1

[Event "Sochi ChessAmateur op10"]
[Site "Sochi"]
[Date "2018.10.13"]
[Round "3"]
[White "Yeritsyan, Aram"]
[Black "Gorshkov, Yury S"]
[Result "1-0"]
[WhiteElo "2325"]
[BlackElo "2175"]
[PlyCount "75"]
[EventDate "2018.10.12"]
[EventType "swiss"]
[EventRounds "9"]
[EventCountry "RUS"]
[SourceTitle "CBM 187 Extra"]
[Source "ChessBase"]
[SourceDate "2018.11.04"]
[SourceVersion "1"]
[SourceVersionDate "2018.11.04"]
[SourceQuality "1"]

1. e4 c5 2. Nf3 e6 3. d4 cxd4 4. Nxd4 a6 5. c4 Nf6 6. Nc3 Qc7 7. Be2 Bb4 8. Nc2 Be7 9. Qd3 0-0 10. f4 b5 11. cxb5 d5 12. e5 Ne4 13. Nxe4 dxe4 14. Qc4 Qb7 15. Be3 Bd7 16. Nd4 axb5 17. Nxb5 Na6 18. 0-0 Rfc8 19. Qb3 Nc5 20. Bxc5 Rxc5 21. Nc3 Qa7 22. Kh1 Bc6 23. a4 Rb8 24. Nb5 Qa5 25. Bc4 Qa8 26. Qc2 Bd5 27. Na3 Rcc8 28. b3 Bxa3 29. Rxa3 Bxc4 30. bxc4 Rc5 31. Re1 Rd8 32. Rae3 Ra5 33. Ra3 g6 34. h3 Rd4 35. Rd1 Rxd1+ 36. Qxd1 Kg7 37. Qd7 Rc5 38. Rg3 1-0

[Event "Sochi ChessAmateur op10"]
[Site "Sochi"]
[Date "2018.10.12"]
[Round "1"]
[White "Amanmuradow, Atajan"]
[Black "Gorshkov, Yury S"]
[Result "1/2-1/2"]
[WhiteElo "1663"]
[BlackElo "2175"]
[PlyCount "115"]
[EventDate "2018.10.12"]
[EventType "swiss"]
[EventRounds "9"]
[EventCountry "RUS"]
[SourceTitle "CBM 187 Extra"]
[Source "ChessBase"]
[SourceDate "2018.11.04"]
[SourceVersion "1"]
[SourceVersionDate "2018.11.04"]
[SourceQuality "1"]

1. Nf3 d5 2. d4 Nf6 3. e3 e6 4. Bd3 a6 5. Nbd2 Nbd7 6. a3 c5 7. c3 b5 8. a4 c4 9. Bc2 Bb7 10. Qe2 Be7 11. e4 dxe4 12. Nxe4 0-0 13. 0-0 Qc7 14. Neg5 Qc6 15. Re1 h6 16. Ne4 Nxe4 17. Bxe4 Qxe4 18. Qxe4 Bxe4 19. Rxe4 Nb6 20. a5 Nd5 21. Ne5 Rfc8 22. Bd2 Ra7 23. g3 Rb7 24. Ree1 Bd6 25. Ng4 Kf8 26. Ne3 Ne7 27. f4 Rd7 28. Re2 Bc7 29. Ng4 f5 30. Ne5 Bxe5 31. Rxe5 Kf7 32. h3 Nd5 33. Kf2 Nf6 34. Ke3 Rd6 35. Rg1 Nd7 36. Kf3 Nxe5+ 37. fxe5 Rd5 38. Ke3 g5 39. Rf1 Kg6 40. Rf2 Rd7 41. Rf1 Rf8 42. Kf3 Rdf7 43. Rh1 Rd7 44. Rf1 b4 45. Rc1 bxc3 46. Bxc3 Rb8 47. Ra1 Rb3 48. Ke3 Rc7 49. Rg1 Rc6 50. Rc1 Rb5 51. Rf1 Rc7 52. Rg1 Rcb7 53. Rg2 Kf7 54. Rf2 Ke7 55. g4 f4+ 56. Ke4 Kf7 57. h4 gxh4 58. Rxf4+ 1/2-1/2

[Event "Sochi Doroshkevich Amateur op"]
[Site "Sochi"]
[Date "2017.12.27"]
[Round "8"]
[White "Palkovich, Denis"]
[Black "Gorshkov, Yury S"]
[Result "1-0"]
[WhiteElo "2131"]
[BlackElo "2183"]
[PlyCount "63"]
[EventDate "2017.12.21"]
[EventType "swiss"]
[EventRounds "9"]
[EventCountry "RUS"]
[SourceTitle "CBM 182 Extra"]
[Source "ChessBase"]
[SourceDate "2018.02.23"]
[SourceVersion "1"]
[SourceVersionDate "2018.02.23"]
[SourceQuality "1"]

1. d4 d6 2. Nf3 Nf6 3. Bf4 g6 4. e3 Bg7 5. h3 0-0 6. Be2 Nbd7 7. 0-0 b6 8. c4 Bb7 9. Nc3 e6 10. Qc2 Qe7 11. Rfe1 Nh5 12. Bh2 f5 13. b4 Ndf6 14. Rac1 a5 15. a3 axb4 16. axb4 Ne4 17. c5 bxc5 18. bxc5 dxc5 19. Nb5 c6 20. Nc7 Rad8 21. Qb3 Bc8 22. Bc4 cxd4 23. Nxe6 Bxe6 24. Bxe6+ Kh8 25. exd4 c5 26. d5 Bf6 27. Ne5 c4 28. Qxc4 Qa7 29. Re2 Nd6 30. Qa2 Qg7 31. g4 Bg5 32. Rc6 1-0

[Event "Sochi Doroshkevich Amateur op"]
[Site "Sochi"]
[Date "2017.12.22"]
[Round "2"]
[White "Denishev, Marat"]
[Black "Gorshkov, Yury S"]
[Result "1-0"]
[WhiteElo "2301"]
[BlackElo "2183"]
[PlyCount "105"]
[EventDate "2017.12.21"]
[EventType "swiss"]
[EventRounds "9"]
[EventCountry "RUS"]
[SourceTitle "CBM 182 Extra"]
[Source "ChessBase"]
[SourceDate "2018.02.23"]
[SourceVersion "1"]
[SourceVersionDate "2018.02.23"]
[SourceQuality "1"]

1. d4 Nf6 2. c4 c5 3. d5 e6 4. Nc3 exd5 5. cxd5 d6 6. Bf4 a6 7. a4 Nh5 8. Bc1 g6 9. e4 Bg7 10. Be2 Nf6 11. Nf3 0-0 12. Nd2 Re8 13. 0-0 Nbd7 14. Qc2 Rb8 15. Nc4 Nb6 16. Na3 Bd7 17. a5 Nc8 18. Nc4 Bb5 19. Re1 Bxc4 20. Bxc4 Nd7 21. Be3 Ne7 22. Qd2 Ne5 23. Be2 f5 24. f4 Nd7 25. Bf2 b5 26. axb6 Rxb6 27. Rxa6 fxe4 28. Nxe4 Nf5 29. Rxb6 Qxb6 30. Bg4 Rf8 31. Rb1 Re8 32. Ng5 Nf6 33. Bf3 Qb3 34. Ne6 Bh8 35. h3 Rb8 36. Kh2 h5 37. Ra1 h4 38. Ng5 Qb7 39. Qe1 Re8 40. Qd2 Rb8 41. Ne4 Nd7 42. Bg4 Qxb2 43. Qxb2 Bxb2 44. Ra7 Nf6 45. Bxf5 gxf5 46. Nxd6 Nxd5 47. Bxc5 Nxf4 48. Nxf5 Be5 49. Nh6+ Kh8 50. Nf7+ Kg8 51. Nxe5 Rb2 52. Ng4 Rxg2+ 53. Kh1 1-0

[Event "Kaluga Tsiolkovsky Memorial op"]
[Site "Kaluga"]
[Date "2016.08.15"]
[Round "9"]
[White "Gorshkov, Yury S"]
[Black "Evlakhin, Igor"]
[Result "1-0"]
[WhiteElo "2297"]
[BlackElo "1993"]
[PlyCount "91"]
[EventDate "2016.08.06"]
[EventType "swiss"]
[EventRounds "9"]
[EventCountry "RUS"]
[SourceTitle "CBM 174 Extra"]
[Source "ChessBase"]
[SourceDate "2016.10.10"]
[SourceVersion "1"]
[SourceVersionDate "2016.10.10"]
[SourceQuality "1"]

1. b3 Nf6 2. Bb2 b6 3. e3 Bb7 4. f4 e6 5. Nf3 Be7 6. Nc3 c5 7. Qe2 d5 8. 0-0-0 a6 9. d4 Nbd7 10. g4 cxd4 11. Nxd4 Nc5 12. Bg2 Qc7 13. g5 Nfe4 14. Bxe4 dxe4 15. h4 0-0-0 16. a4 h5 17. g6 Bf6 18. gxf7 Qxf7 19. Na2 Rd7 20. Kb1 Rhd8 21. Nc1 e5 22. fxe5 Bxe5 23. Rdf1 Bf6 24. Qe1 Kb8 25. Nce2 Ka7 26. Qg3 Bd5 27. Qe1 Kb7 28. Qb4 a5 29. Qb5 Rc7 30. Nf4 Bc6 31. Qe2 Bd7 32. Qxh5 Qe7 33. Nd5 Qd6 34. Nxc7 Qxc7 35. Qf7 Qg3 36. Nf5 Qc7 37. Bxf6 gxf6 38. Qxf6 Bxa4 39. bxa4 Nxa4 40. Qe7 Nc3+ 41. Ka1 Rd7 42. Qa3 Qc4 43. Nd4 a4 44. Rb1 Rxd4 45. exd4 Qxd4 46. Qb4 1-0

[Event "Kaluga Tsiolkovsky Memorial op"]
[Site "Kaluga"]
[Date "2016.08.11"]
[Round "6"]
[White "Gorshkov, Yury S"]
[Black "Fedorov, Alexei"]
[Result "0-1"]
[WhiteElo "2297"]
[BlackElo "2565"]
[PlyCount "78"]
[EventDate "2016.08.06"]
[EventType "swiss"]
[EventRounds "9"]
[EventCountry "RUS"]
[SourceTitle "CBM 174 Extra"]
[Source "ChessBase"]
[SourceDate "2016.10.10"]
[SourceVersion "1"]
[SourceVersionDate "2016.10.10"]
[SourceQuality "1"]

1. b3 d5 2. Bb2 Bg4 3. c4 d4 4. d3 e5 5. Nd2 Nc6 6. h3 Bf5 7. g3 Nf6 8. Bg2 Bc5 9. a3 a5 10. Ngf3 h6 11. Nh4 Bh7 12. Ne4 Nxe4 13. dxe4 0-0 14. 0-0 Re8 15. Qd3 Qe7 16. Qf3 Ra6 17. Rfd1 Rb6 18. Rd3 Nb8 19. Nf5 Bxf5 20. Qxf5 Nd7 21. e3 g6 22. Qg4 Nf6 23. Qe2 dxe3 24. fxe3 Rd6 25. Qd2 Rxd3 26. Qxd3 b6 27. Kh2 h5 28. Qc3 Nd7 29. Rd1 Nb8 30. Qxe5 Qxe5 31. Bxe5 Rxe5 32. Rd8+ Kg7 33. Rxb8 Bxa3 34. Bf3 f5 35. Rc8 Bd6 36. Kg2 fxe4 37. Be2 Re7 38. Bd1 Bc5 39. Kf2 Rd7 0-1

[Event "Kaluga Tsiolkovsky Memorial op"]
[Site "Kaluga"]
[Date "2016.08.06"]
[Round "1"]
[White "Gorshkov, Yury S"]
[Black "Shkodin, Vyacheslav"]
[Result "1-0"]
[WhiteElo "2297"]
[BlackElo "1821"]
[PlyCount "87"]
[EventDate "2016.08.06"]
[EventType "swiss"]
[EventRounds "9"]
[EventCountry "RUS"]
[SourceTitle "CBM 174 Extra"]
[Source "ChessBase"]
[SourceDate "2016.10.10"]
[SourceVersion "1"]
[SourceVersionDate "2016.10.10"]
[SourceQuality "1"]

1. g3 e5 2. c4 Nc6 3. Nc3 d6 4. Bg2 f5 5. d3 Nf6 6. e3 g6 7. Nge2 Bg7 8. 0-0 0-0 9. Rb1 Ne7 10. b4 c6 11. b5 d5 12. bxc6 bxc6 13. Ba3 Re8 14. Qa4 Bd7 15. Rb7 Nc8 16. Rxd7 Qxd7 17. cxd5 Nb6 18. Qxc6 Rac8 19. Qxd7 Nfxd7 20. e4 Bf8 21. Bxf8 Rxf8 22. f4 Kg7 23. a4 exf4 24. gxf4 Nc5 25. a5 Nbd7 26. Rd1 Nb3 27. e5 a6 28. d6 Ndc5 29. d4 Ne4 30. Nxe4 fxe4 31. Bxe4 Nxa5 32. e6 Rfd8 33. d7 Rb8 34. Ra1 Nc4 35. Rxa6 Kf6 36. Nc3 Nd2 37. Bg2 Nc4 38. Nd5+ Kf5 39. e7 Rb1+ 40. Kf2 Rb2+ 41. Kg3 Rb3+ 42. Kh4 g5+ 43. fxg5 Nb6 44. exd8Q 1-0

[Event "EU-ch Seniors 65 Blitz"]
[Site "Porto"]
[Date "2014.03.21"]
[Round "3"]
[White "Gorshkov, Yury S"]
[Black "Beznosikov, Vladimir"]
[Result "0-1"]
[WhiteElo "2286"]
[BlackElo "2368"]
[PlyCount "50"]
[EventDate "2014.03.21"]
[EventType "swiss (blitz)"]
[EventRounds "9"]
[EventCountry "POR"]
[SourceTitle "EXT 2015"]
[Source "ChessBase"]
[SourceDate "2014.11.20"]
[SourceVersion "1"]
[SourceVersionDate "2014.11.20"]
[SourceQuality "1"]

1. d4 c5 2. c3 e6 3. e4 cxd4 4. cxd4 d5 5. exd5 exd5 6. Nc3 Nf6 7. Nf3 Nc6 8. Be2 Bd6 9. 0-0 h6 10. Re1 0-0 11. h3 Be6 12. Be3 Rc8 13. Rc1 Ne7 14. Nb5 Bb8 15. Rxc8 Nxc8 16. Ne5 a6 17. Nc3 Nd6 18. Bf1 Nf5 19. Bc1 Qb6 20. Nf3 Nd6 21. Qa4 Nde4 22. Nxe4 dxe4 23. Ne5 Rd8 24. Be3 Nd5 25. Nc4 Qc7 0-1

[Event "EU-ch Seniors 65 Blitz"]
[Site "Porto"]
[Date "2014.03.21"]
[Round "8"]
[White "Gruzmann, Boris"]
[Black "Gorshkov, Yury S"]
[Result "0-1"]
[WhiteElo "2159"]
[BlackElo "2286"]
[PlyCount "110"]
[EventDate "2014.03.21"]
[EventType "swiss (blitz)"]
[EventRounds "9"]
[EventCountry "POR"]
[SourceTitle "EXT 2015"]
[Source "ChessBase"]
[SourceDate "2014.11.20"]
[SourceVersion "1"]
[SourceVersionDate "2014.11.20"]
[SourceQuality "1"]

1. e4 c5 2. Nf3 Nc6 3. d4 cxd4 4. Nxd4 Qb6 5. Nb3 Nf6 6. Nc3 e6 7. Bd3 a6 8. 0-0 Qc7 9. f4 d6 10. Qf3 Be7 11. Bd2 0-0 12. Rae1 b5 13. e5 Nd7 14. exd6 Bxd6 15. Ne4 Be7 16. Qh3 h6 17. f5 Nf6 18. Bxh6 exf5 19. Bf4 Qa7+ 20. Be3 fxe4 21. Qh4 exd3 22. Bxa7 Rxa7 23. cxd3 Be6 24. Rc1 Nb4 25. Rf3 Rd7 26. d4 Rd5 27. Nc5 Bxc5 28. Rxc5 Nxa2 29. Rxd5 Nxd5 30. Rg3 g6 31. Rg5 Kg7 32. Qf2 Nab4 33. Qe1 Rc8 34. Qe5+ Kf8 35. Rg3 Ke7 36. Rf3 Rc1+ 37. Rf1 Rc2 38. Qg5+ Kd7 39. h4 Rxb2 40. h5 gxh5 41. Qxh5 a5 42. Rxf7+ Bxf7 43. Qxf7+ Kd6 44. Qf8+ Kd7 45. Qf7+ Kd6 46. Qf8+ Kd7 47. Qf7+ Kd6 48. Qf8+ Kd7 49. Qf7+ Kc6 50. Qe6+ Kb7 51. Qd7+ Nc7 52. Qf5 Nbd5 53. g4 a4 54. g5 a3 55. Qf3 a2 0-1

[Event "EU-ch Seniors 65 Blitz"]
[Site "Porto"]
[Date "2014.03.21"]
[Round "4"]
[White "Malachi, Avraham"]
[Black "Gorshkov, Yury S"]
[Result "0-1"]
[WhiteElo "2044"]
[BlackElo "2286"]
[PlyCount "71"]
[EventDate "2014.03.21"]
[EventType "swiss (blitz)"]
[EventRounds "9"]
[EventCountry "POR"]
[SourceTitle "EXT 2015"]
[Source "ChessBase"]
[SourceDate "2014.11.20"]
[SourceVersion "1"]
[SourceVersionDate "2014.11.20"]
[SourceQuality "1"]

1. Nf3 d5 2. g3 c6 3. Bg2 Bg4 4. Ne5 Bh5 5. d4 e6 6. g4 Bg6 7. Bf4 Nd7 8. Nxg6 hxg6 9. Qd3 Ngf6 10. h3 Be7 11. Nd2 b5 12. e4 Nb6 13. 0-0 a6 14. Rae1 0-0 15. e5 Nfd7 16. Nf3 c5 17. c3 b4 18. Bg3 c4 19. Qc2 a5 20. Nd2 a4 21. f4 b3 22. axb3 axb3 23. Qb1 Ra2 24. f5 gxf5 25. gxf5 Bh4 26. Bxh4 Qxh4 27. fxe6 fxe6 28. Qg6 Qe7 29. Nf3 Qf7 30. Qg4 Qf5 31. Qxf5 Rxf5 32. Rb1 Na4 33. h4 Nf8 34. Bh3 Rf4 35. Ng5 Rxf1+ 36. Rxf1 0-1

[Event "EU-ch Seniors 65 Rapid"]
[Site "Porto"]
[Date "2014.03.20"]
[Round "7"]
[White "Gorshkov, Yury S"]
[Black "Gaprindashvili, Nona"]
[Result "1/2-1/2"]
[WhiteElo "2320"]
[BlackElo "2244"]
[PlyCount "72"]
[EventDate "2014.03.19"]
[EventType "swiss (rapid)"]
[EventRounds "9"]
[EventCountry "POR"]
[SourceTitle "EXT 2015"]
[Source "ChessBase"]
[SourceDate "2014.11.20"]
[SourceVersion "1"]
[SourceVersionDate "2014.11.20"]
[SourceQuality "1"]

1. Nf3 g6 2. c4 d6 3. d4 Nd7 4. Nc3 Bg7 5. e4 e5 6. Be2 f6 7. 0-0 Nh6 8. dxe5 dxe5 9. h3 c6 10. Be3 0-0 11. c5 Qe7 12. b4 Re8 13. Qb3+ Kh8 14. Rfd1 Nf8 15. Bc4 Be6 16. a4 Bxc4 17. Qxc4 Nf7 18. Rd2 f5 19. Rdd1 f4 20. Bc1 Rad8 21. Ba3 Qe6 22. Qa2 Qxa2 23. Nxa2 Ne6 24. b5 Bf8 25. Rxd8 Rxd8 26. bxc6 bxc6 27. Nb4 Rc8 28. Nd3 Bg7 29. Bb2 Kg8 30. Nfxe5 Nxe5 31. Bxe5 Bxe5 32. Nxe5 Nxc5 33. Rc1 Nxa4 34. Nxc6 Rc7 35. Ra1 Nc5 36. Nxa7 Nxe4 1/2-1/2

[Event "EU-ch Seniors 65 Rapid"]
[Site "Porto"]
[Date "2014.03.19"]
[Round "4"]
[White "Gorshkov, Yury S"]
[Black "Kozlovskaya, Valentina"]
[Result "1-0"]
[WhiteElo "2320"]
[BlackElo "2155"]
[PlyCount "139"]
[EventDate "2014.03.19"]
[EventType "swiss (rapid)"]
[EventRounds "9"]
[EventCountry "POR"]
[SourceTitle "EXT 2015"]
[Source "ChessBase"]
[SourceDate "2014.11.20"]
[SourceVersion "1"]
[SourceVersionDate "2014.11.20"]
[SourceQuality "1"]

1. Nf3 d5 2. c4 e6 3. e3 c6 4. b3 Nf6 5. Bb2 Bd6 6. Qc2 Nbd7 7. Nc3 0-0 8. Be2 dxc4 9. bxc4 e5 10. 0-0 Re8 11. d3 Nf8 12. a4 Ng6 13. Ba3 Bxa3 14. Rxa3 Qe7 15. Rb3 a5 16. Rfb1 Nd7 17. d4 exd4 18. exd4 Ndf8 19. Bf1 Qf6 20. Ne4 Rxe4 21. Qxe4 Bf5 22. Qe3 Bxb1 23. Rxb1 Rb8 24. d5 Nd7 25. Qa7 cxd5 26. Rxb7 Rxb7 27. Qxb7 Ndf8 28. Qxd5 Nf4 29. Qxa5 Nh3+ 30. gxh3 Qxf3 31. Qd5 Qf6 32. a5 g6 33. c5 Ne6 34. a6 Qa1 35. c6 Nf4 36. Qf3 Ne6 37. Qg3 Qa5 38. Qb8+ Kg7 39. a7 Qg5+ 40. Qg3 Qa5 41. c7 Nxc7 42. Qxc7 Qxc7 43. a8Q h5 44. Qe4 Qa5 45. h4 Qa1 46. Qf4 Qb2 47. Kg2 Qc3 48. Be2 Qc5 49. Bf3 Qe7 50. Kg3 Kh7 51. Bd5 Kg7 52. Bc4 Qd7 53. Qe5+ Kg8 54. h3 Qa7 55. Bd5 Qd7 56. Bc4 Qa7 57. Qd6 Kg7 58. Kg2 Qa1 59. Qe7 Qf6 60. Qxf6+ Kxf6 61. Kf3 Kg7 62. Kf4 f6 63. Ba2 Kf8 64. Ke4 Kg7 65. Kd5 g5 66. Ke6 Kg6 67. Bb1+ Kg7 68. hxg5 fxg5 69. Kf5 Kh6 70. Ba2 1-0

[Event "EU-ch Seniors 65 Rapid"]
[Site "Porto"]
[Date "2014.03.19"]
[Round "3"]
[White "Gorshkov, Yury S"]
[Black "Urbanc, Vinko"]
[Result "1-0"]
[WhiteElo "2320"]
[BlackElo "1860"]
[PlyCount "83"]
[EventDate "2014.03.19"]
[EventType "swiss (rapid)"]
[EventRounds "9"]
[EventCountry "POR"]
[SourceTitle "EXT 2015"]
[Source "ChessBase"]
[SourceDate "2014.11.20"]
[SourceVersion "1"]
[SourceVersionDate "2014.11.20"]
[SourceQuality "1"]

1. Nf3 Nf6 2. c4 g6 3. Nc3 d5 4. d4 Bg7 5. e3 0-0 6. b4 c6 7. Be2 a6 8. a4 Re8 9. 0-0 dxc4 10. Bxc4 Nbd7 11. Qb3 e6 12. e4 Qc7 13. Bg5 h6 14. Bh4 Nh5 15. Rfd1 g5 16. Bg3 Nxg3 17. hxg3 Nf6 18. a5 Rd8 19. Rd2 Ra7 20. Re1 b5 21. axb6 Qxb6 22. Na4 Qb8 23. Nc5 a5 24. bxa5 Qxb3 25. Nxb3 Ba6 26. Bxa6 Rxa6 27. Ne5 Ne8 28. Nc5 Bxe5 29. Nxa6 Bxd4 30. Red1 e5 31. Nb4 c5 32. Nc6 Ra8 33. Rb1 Nd6 34. Rb8+ Rxb8 35. Nxb8 Nxe4 36. Rc2 Nd6 37. Nc6 c4 38. a6 Nb5 39. Nxd4 exd4 40. Rxc4 d3 41. Rc8+ Kg7 42. Rd8 1-0

[Event "EU-ch Seniors 65 14th"]
[Site "Porto"]
[Date "2014.03.14"]
[Round "6"]
[White "Gorshkov, Yury S"]
[Black "Thieme, Hans"]
[Result "1-0"]
[WhiteElo "2304"]
[BlackElo "2130"]
[PlyCount "63"]
[EventDate "2014.03.09"]
[EventType "swiss"]
[EventRounds "9"]
[EventCountry "POR"]
[SourceTitle "CBM 159 Extra"]
[Source "ChessBase"]
[SourceDate "2014.04.24"]
[SourceVersion "1"]
[SourceVersionDate "2014.04.24"]
[SourceQuality "1"]

1. g3 Nf6 2. Bg2 c5 3. c4 e6 4. Nf3 Qc7 5. 0-0 a6 6. Nc3 b6 7. d4 cxd4 8. Nxd4 Nc6 9. Bf4 e5 10. Bxe5 Qxe5 11. Nxc6 Qc7 12. Nd4 Rb8 13. Qd3 g6 14. Qe3+ Kd8 15. Rfd1 Bb7 16. Bxb7 Rxb7 17. Qf3 Bg7 18. Nd5 Nxd5 19. Qxd5 Bxd4 20. Rxd4 Rf8 21. Rad1 Kc8 22. b4 Qc6 23. e3 Rc7 24. Qe5 Qe6 25. Qg7 Qe7 26. c5 bxc5 27. bxc5 Qxc5 28. Rd6 Rd8 29. Qxf7 Qh5 30. Qb3 Rc6 31. Rxc6+ dxc6 32. Qe6+ 1-0

[Event "EU-ch Seniors 65 14th"]
[Site "Porto"]
[Date "2014.03.13"]
[Round "5"]
[White "Kuindzhy, Alexander"]
[Black "Gorshkov, Yury S"]
[Result "1-0"]
[WhiteElo "2430"]
[BlackElo "2304"]
[PlyCount "30"]
[EventDate "2014.03.09"]
[EventType "swiss"]
[EventRounds "9"]
[EventCountry "POR"]
[SourceTitle "CBM 159 Extra"]
[Source "ChessBase"]
[SourceDate "2014.04.24"]
[SourceVersion "1"]
[SourceVersionDate "2014.04.24"]
[SourceQuality "1"]

1. e4 c5 2. Ne2 Nc6 3. d4 cxd4 4. Nxd4 Nf6 5. Nc3 Qb6 6. Be3 Qxb2 7. Ndb5 Qb4 8. Bd2 Nxe4 9. a3 Nxc3 10. axb4 Nxd1 11. Nc7+ Kd8 12. Nxa8 Nxf2 13. Kxf2 b6 14. b5 Na5 15. Be3 Ke8 1-0

[Event "Voronezh op 16th"]
[Site "Voronezh"]
[Date "2012.06.18"]
[Round "6"]
[White "Gorshkov, Yury S"]
[Black "Dmitriev, Igor"]
[Result "1/2-1/2"]
[WhiteElo "2267"]
[BlackElo "2393"]
[PlyCount "110"]
[EventDate "2012.06.12"]
[EventType "swiss"]
[EventRounds "9"]
[EventCountry "RUS"]
[SourceTitle "CBM 149 Extra"]
[Source "ChessBase"]
[SourceDate "2012.08.24"]
[SourceVersion "1"]
[SourceVersionDate "2012.08.24"]
[SourceQuality "1"]

1. d4 d6 2. c4 e5 3. Nc3 exd4 4. Qxd4 Nc6 5. Qd2 Nf6 6. g3 Be6 7. Nd5 g6 8. Bg2 Bg7 9. Nh3 0-0 10. Nhf4 Nd7 11. 0-0 Nc5 12. Nxe6 fxe6 13. Ne3 a5 14. Rb1 a4 15. b4 axb3 16. axb3 Nd4 17. b4 Ncb3 18. Qd3 Nxc1 19. Rbxc1 c6 20. Nc2 Nxc2 21. Rxc2 d5 22. b5 Qb6 23. bxc6 bxc6 24. cxd5 cxd5 25. h4 Ra4 26. e3 Rb4 27. Kh2 Be5 28. Kg1 Rb3 29. Qe2 Kg7 30. Kh2 Rf7 31. Rfc1 Qd8 32. f4 Bf6 33. Rc8 Qb6 34. e4 Re3 35. Qa2 d4 36. e5 Be7 37. R8c6 Qb5 38. Qxe6 Re2 39. Qc4 Qxc4 40. R6xc4 d3 41. Rd4 d2 42. Rd1 g5 43. hxg5 Bxg5 44. Kh3 Re3 45. Kg4 h5+ 46. Kxh5 Rxg3 47. fxg5 Rxg2 48. R1xd2 Rg1 49. e6 Rf5 50. Rg4 Rh1+ 51. Rh4 Rxh4+ 52. Kxh4 Re5 53. Rd6 Kg6 54. e7+ Kf7 55. Rf6+ Kg7 1/2-1/2

[Event "Voronezh op 16th"]
[Site "Voronezh"]
[Date "2012.06.12"]
[Round "1"]
[White "Gorshkov, Yury S"]
[Black "Kharitonov, Alexandr"]
[Result "1/2-1/2"]
[WhiteElo "2267"]
[BlackElo "2547"]
[PlyCount "80"]
[EventDate "2012.06.12"]
[EventType "swiss"]
[EventRounds "9"]
[EventCountry "RUS"]
[SourceTitle "CBM 149 Extra"]
[Source "ChessBase"]
[SourceDate "2012.08.24"]
[SourceVersion "1"]
[SourceVersionDate "2012.08.24"]
[SourceQuality "1"]

1. d4 Nf6 2. c4 e6 3. Nf3 Bb4+ 4. Bd2 a5 5. g3 b6 6. Bg2 Bb7 7. 0-0 0-0 8. Nc3 d6 9. Qc2 Nbd7 10. b3 Qe7 11. a3 Bxc3 12. Bxc3 Be4 13. Qb2 d5 14. Nd2 Bxg2 15. Kxg2 Rfc8 16. b4 c5 17. dxc5 bxc5 18. cxd5 exd5 19. bxc5 Qxe2 20. Bxf6 Nxf6 21. Rfe1 Qg4 22. Rac1 Rc6 23. Qb5 Qc8 24. Rc2 h5 25. h4 a4 26. Re5 Rb8 27. Qxa4 Rxc5 28. Rxc5 Qxc5 29. Ne4 Nxe4 30. Qxe4 dxe4 31. Rxc5 g6 32. Re5 f5 33. Ra5 Rb2 34. Kf1 Kg7 35. Ra7+ Kh6 36. Kg1 Rb6 37. Kg2 g5 38. hxg5+ Kxg5 39. Ra8 Rb2 40. Rg8+ Kf6 1/2-1/2